[Event "4NCL Divsion 4 South"]
[Site "Telford, ENG ENG"]
[Date "2015.11.14"]
[Round "1.99"]
[White "Harris, John"]
[Black "Lewis, Christopher D"]
[Result "0-1"]
[WhiteElo "1645"]
[BlackElo "1862"]
[PlyCount "84"]
[EventDate "2015.11.14"]

1. e4 c6 2. d4 d5 3. e5 Bf5 4. c4 dxc4 5. Bxc4 e6 6. a3 Nd7 7. Nc3 Nb6 8. Bb3
Ne7 9. Nge2 Ned5 10. Ng3 Bg6 11. Nce4 Be7 12. h4 h6 13. h5 Bh7 14. Qg4 Rg8 15.
O-O Qd7 16. Be3 f5 17. exf6 gxf6 18. Qf3 Nxe3 19. fxe3 f5 20. Ne2 O-O-O 21. Nc5
Bxc5 22. dxc5 Nd5 23. Rfd1 Qg7 24. Nd4 Rde8 25. Rd2 Qe5 26. Bxd5 exd5 27. Re1
Rg3 28. Qd1 Rxe3 29. Rde2 f4 30. b4 Qg7 31. Nf3 Rg8 32. Nh4 Qg3 33. Ng6 Bxg6
34. Rxe3 fxe3 35. hxg6 Qf2+ 36. Kh1 Rxg6 37. Re2 Qh4+ 38. Kg1 d4 39. Qd3 Rf6
40. Rc2 Rf2 41. b5 Qg3 42. Rxf2 exf2+ 0-1

[Event "4NCL Divsion 4 South"]
[Site "Telford, ENG ENG"]
[Date "2015.11.14"]
[Round "1.99"]
[White "Keady, Mark A"]
[Black "Weaver, Simon"]
[Result "1-0"]
[WhiteElo "1832"]
[BlackElo "1613"]
[PlyCount "171"]
[EventDate "2015.11.14"]

1. e4 c6 2. f4 d5 3. e5 Bf5 4. d4 e6 5. Nf3 Nd7 6. c3 Ne7 7. Qa4 Nc8 8. Be3
Ncb6 9. Qa5 Be7 10. Nbd2 Bh4+ 11. g3 Be7 12. b4 O-O 13. h4 h6 14. Be2 Nc8 15.
Qa4 Ncb6 16. Qd1 a5 17. a3 axb4 18. axb4 Rxa1 19. Qxa1 Qa8 20. Kf2 Qxa1 21.
Rxa1 Ra8 22. Rxa8+ Nxa8 23. Nb3 b6 24. Ba6 Bc2 25. Nfd2 Nc7 26. Be2 Kf8 27. Ke1
Kg8 28. Nc1 c5 29. dxc5 bxc5 30. b5 c4 31. b6 Nb5 32. b7 Kf8 33. Nf3 Bd8 34.
Kd2 Be4 35. Nd4 Nxd4 36. Bxd4 Nb8 37. Bd1 Bc7 38. Na2 Nc6 39. Bc5+ Kg8 40. Ba4
Na5 41. Bb6 Nxb7 42. Bxc7 Nc5 43. Bd1 Bb1 44. Nb4 Ne4+ 45. Kc1 Nxc3 46. Ba5 Be4
47. Nc6 Nxd1 48. Kxd1 Kh7 49. Ke2 Kg6 50. Ke3 Kf5 51. Nd8 Kg4 52. Kf2 Bg6 53.
Nc6 Be4 54. Bc3 Bd3 55. Nd4 Bg6 56. Nf3 Kf5 57. Nd2 Kg4 58. Bd4 Bd3 59. Nf3 Be4
60. Nh2+ Kh5 61. Ke3 Bf5 62. Bc3 Be4 63. Bb4 Bf5 64. Bf8 Kg6 65. g4 Be4 66. h5+
Kh7 67. Kd4 Kg8 68. Be7 g6 69. Bb4 Kg7 70. Bc3 Bd3 71. Kc5 Kf8 72. Kd6 Be4 73.
hxg6 Bxg6 74. Bd4 Ke8 75. Nf1 Be4 76. Ng3 Bf3 77. Nh5 Kf8 78. Nf6 Bd1 79. Be3
Kg7 80. f5 exf5 81. gxf5 Bc2 82. Nh5+ Kh7 83. e6 fxe6 84. fxe6 Bg6 85. Nf4 Be8
86. Nxd5 1-0

[Event "4NCL Divsion 4 South"]
[Site "Telford, ENG ENG"]
[Date "2015.11.14"]
[Round "1.99"]
[White "Sweatman, Paul"]
[Black "Szwajkun, Richard"]
[Result "0-1"]
[WhiteElo "1496"]
[BlackElo "1765"]
[PlyCount "90"]
[EventDate "2015.11.14"]

1. d4 Nf6 2. Nc3 e6 3. Nf3 b6 4. e3 Bb7 5. h3 Be7 6. Be2 d6 7. Bd2 O-O 8. a3 c5
9. O-O Nbd7 10. Nh2 a6 11. Bf3 Qc7 12. Bxb7 Qxb7 13. Qf3 d5 14. Qd1 b5 15. Nf3
a5 16. Qc1 Rfc8 17. a4 b4 18. Nb5 c4 19. c3 b3 20. Nh2 Nb6 21. Na3 Nxa4 22. Nb1
Nb6 23. Ng4 Ne4 24. Ne5 a4 25. Na3 Nd7 26. f3 Nd6 27. Nxd7 Qxd7 28. Rf2 Nb5 29.
Qb1 Bd6 30. Bc1 Bxa3 31. Rxa3 Nxa3 32. bxa3 Re8 33. Bb2 e5 34. Qd1 Qe6 35. Qd2
exd4 36. exd4 Qe1+ 37. Kh2 Qxd2 38. Rxd2 Re1 39. Kg3 Rae8 40. Kf2 f5 41. h4 f4
42. h5 g6 43. h6 R8e6 44. g4 fxg3+ 45. Kxg3 R6e2 0-1

[Event "4NCL Divsion 4 South"]
[Site "Telford, ENG ENG"]
[Date "2015.11.14"]
[Round "1.99"]
[White "Footner, John K"]
[Black "Burgoyne, Peter A"]
[Result "1-0"]
[WhiteElo "1772"]
[BlackElo "1840"]
[PlyCount "99"]
[EventDate "2015.11.14"]

1. d4 Nf6 2. c4 c5 3. d5 b5 4. cxb5 a6 5. bxa6 Bxa6 6. Nc3 g6 7. e4 Bxf1 8.
Kxf1 d6 9. Nge2 Bg7 10. h3 O-O 11. Kg1 Na6 12. Rb1 Qb6 13. Kh2 Rfb8 14. Be3 Nd7
15. Qd2 Ne5 16. b3 Nb4 17. a4 Ned3 18. Nb5 Qd8 19. Nc1 Ne5 20. f4 Nd7 21. Nd3
Nxd3 22. Qxd3 Rb7 23. Rhc1 Nb6 24. Na3 Nd7 25. Nc4 Nb6 26. Bd2 Nxc4 27. Qxc4
Rab8 28. b4 cxb4 29. Rxb4 Rxb4 30. Bxb4 Qb6 31. Bd2 Bd4 32. a5 Qb2 33. Qc2 Bc5
34. Bc3 Qxc2 35. Rxc2 f6 36. Ra2 Kf7 37. a6 Ra8 38. Kg3 h6 39. e5 Ra7 40. Kf3
Ra8 41. Ke4 fxe5 42. fxe5 e6 43. Bd4 Bb4 44. Rb2 exd5+ 45. Kxd5 dxe5 46. Kxe5
Re8+ 47. Kd5 Rd8+ 48. Kc4 Ba3 49. Rb7+ Ke6 50. a7 1-0

[Event "4NCL Divsion 4 South"]
[Site "Telford, ENG ENG"]
[Date "2015.11.14"]
[Round "1.99"]
[White "Ng, Han"]
[Black "Ross, Stuart"]
[Result "1/2-1/2"]
[WhiteElo "1785"]
[BlackElo "1652"]
[PlyCount "110"]
[EventDate "2015.11.14"]

1. d4 Nf6 2. c4 g6 3. Nc3 Bg7 4. e4 d6 5. Nf3 O-O 6. h3 e5 7. d5 Nh5 8. g4 Nf4
9. Bxf4 exf4 10. Qd2 g5 11. O-O-O Nd7 12. Be2 Ne5 13. Nd4 Ng6 14. Nf3 Bd7 15.
Rdg1 Qf6 16. e5 Nxe5 17. Ne4 Qg6 18. Nexg5 h6 19. Nxe5 dxe5 20. Nf3 e4 21. Nh4
Qf6 22. Nf5 Bxf5 23. gxf5 Qxf5 24. Qd4 f6 25. Bg4 Qe5 26. Be6+ Kh8 27. Qxe5
fxe5 28. Re1 e3 29. fxe3 e4 30. exf4 Rxf4 31. Re2 Raf8 32. Rhe1 e3 33. b3 Bc3
34. Rd1 Bd2+ 35. Kc2 Rf1 36. Rxf1 Rxf1 37. Kd3 Ra1 38. Rg2 Rxa2 39. c5 Ra1 40.
d6 cxd6 41. cxd6 Ra6 42. d7 Rd6+ 43. Ke4 Ba5 44. Bf5 Rd2 45. Rxd2 exd2 46. Bg4
Kg7 47. Ke5 Bd8 48. Ke6 Kg6 49. Bd1 Kg7 50. b4 Bg5 51. Kd6 Bd8 52. h4 Kf6 53.
h5 Bb6 54. Bc2 Bd8 55. Bd1 Bb6 1/2-1/2

[Event "4NCL Divsion 4 South"]
[Site "Telford, ENG ENG"]
[Date "2015.11.14"]
[Round "1.99"]
[White "Mehmood, Athar"]
[Black "Polat, Zeynel"]
[Result "0-1"]
[WhiteElo "1675"]
[BlackElo "1772"]
[PlyCount "110"]
[EventDate "2015.11.14"]

1. e4 e6 2. d4 d5 3. e5 c5 4. Nf3 cxd4 5. Bd3 Nc6 6. O-O g6 7. Re1 Bg7 8. h4
Nge7 9. h5 Qc7 10. Qe2 gxh5 11. Na3 a6 12. Bg5 h6 13. Bf6 Bxf6 14. exf6 Ng6 15.
Bxg6 fxg6 16. Rad1 Qf4 17. c4 O-O 18. cxd5 exd5 19. Ne5 Qxf6 20. Nxc6 bxc6 21.
Nc2 c5 22. b4 Bf5 23. bxc5 d3 24. Qf3 dxc2 25. Rxd5 Rae8 26. Rc1 Qg5 27. Qa3
Rd8 28. Rd6 Rxd6 29. cxd6 Qd2 30. d7 Bxd7 31. Qb3+ Kg7 32. Qb2+ Kg8 33. Rxc2
Qd1+ 34. Kh2 Qd6+ 35. Kg1 Rf7 36. Rd2 Qe7 37. Qb8+ Kh7 38. Qb2 h4 39. Kh2 Bc6
40. Rd4 Qe5+ 41. f4 Qf5 42. Kg1 h3 43. Qb8 Qg4 44. Qb2 Qxg2+ 45. Qxg2 hxg2 46.
Rc4 Bb7 47. Kh2 h5 48. Rd4 Re7 49. Rd1 Kh6 50. Rb1 h4 51. Kh3 Kh5 52. a4 Re3+
53. Kh2 Be4 54. Rc1 Kg4 55. a5 Rh3+ 0-1

[Event "4NCL Divsion 4 South"]
[Site "Telford, ENG ENG"]
[Date "2015.11.14"]
[Round "1.99"]
[White "Ignatyev, Alexander"]
[Black "Paul, Christopher"]
[Result "1/2-1/2"]
[WhiteElo "1750"]
[BlackElo "1600"]
[PlyCount "105"]
[EventDate "2015.11.14"]

1. e4 c5 2. Nf3 d6 3. d4 cxd4 4. Nxd4 Nf6 5. Nc3 a6 6. Be3 e5 7. Nde2 Be6 8. g3
Nbd7 9. Bg2 Nb6 10. h3 Be7 11. Qd2 Nc4 12. Qc1 b5 13. O-O O-O 14. b3 Nxe3 15.
Qxe3 Qd7 16. Kh2 Rfd8 17. f4 Bg4 18. Qd2 Bxe2 19. Nxe2 Rac8 20. Rac1 Qa7 21.
Qd3 Rc5 22. c4 Qb8 23. cxb5 axb5 24. b4 Rxc1 25. Rxc1 Qb6 26. f5 Ra8 27. Nc3
Qf2 28. Rc2 Qd4 29. Qxd4 exd4 30. Nxb5 Rb8 31. Nxd4 Rxb4 32. Nc6 Rb7 33. Nxe7+
Rxe7 34. Rc8+ Ne8 35. e5 dxe5 36. Bc6 Kf8 37. Rxe8+ Rxe8 38. Bxe8 Kxe8 39. Kg2
Kd7 40. Kf3 f6 41. g4 h6 42. h4 Kc6 43. g5 h5 44. gxf6 gxf6 45. Ke4 Kc5 46. Kd3
Kb4 47. Kc2 Kc4 48. a3 Kb5 49. Kb3 Ka5 50. Kc3 Ka4 51. Kb2 Kb5 52. Kb3 Ka5 53.
Kc3 1/2-1/2

[Event "4NCL Divsion 4 South"]
[Site "Telford, ENG ENG"]
[Date "2015.11.14"]
[Round "1.99"]
[White "Peck, Windsor W A"]
[Black "Oakley, Robin J"]
[Result "1/2-1/2"]
[WhiteElo "1547"]
[BlackElo "1750"]
[PlyCount "75"]
[EventDate "2015.11.14"]

1. d4 Nf6 2. Nf3 g6 3. Nc3 d5 4. Bf4 c6 5. e3 Bg7 6. Be2 Qb6 7. Na4 Qa5+ 8. c3
Qd8 9. Nc5 O-O 10. Ne5 b6 11. Ncd3 Ne4 12. h4 c5 13. f3 f6 14. fxe4 dxe4 15.
Qb3+ e6 16. Nf2 fxe5 17. Bg5 Qc7 18. dxc5 h6 19. cxb6 axb6 20. Bc4 hxg5 21.
Bxe6+ Bxe6 22. Qxe6+ Qf7 23. Qxf7+ Rxf7 24. hxg5 Nc6 25. Nxe4 Na5 26. Ke2 Rd8
27. b3 Nc6 28. Rab1 Ra8 29. Rb2 Raf8 30. Rd2 Ra7 31. Rhd1 Ne7 32. Rc2 Nf5 33.
g4 Ne7 34. Rd6 Rb7 35. Rc1 Ra8 36. a4 b5 37. Nf6+ Bxf6 38. gxf6 {
Unable to reconstruct 56 moves.} 1/2-1/2

[Event "4NCL Divsion 4 South"]
[Site "Telford, ENG ENG"]
[Date "2015.11.14"]
[Round "1.99"]
[White "Levy, Christopher A"]
[Black "Xu, Edison"]
[Result "1-0"]
[WhiteElo "1720"]
[BlackElo "1450"]
[PlyCount "135"]
[EventDate "2015.11.14"]

1. d4 Nf6 2. Nf3 e6 3. e3 c5 4. Bd3 d5 5. c3 Be7 6. O-O O-O 7. Nbd2 Nbd7 8. Qc2
b6 9. Ne5 Bb7 10. f4 Rc8 11. Rf3 c4 12. Be2 Ne4 13. Rh3 Ndf6 14. Ndf3 h6 15.
Bd2 Bd6 16. Rf1 Qc7 17. Be1 Bxe5 18. Nxe5 Nd7 19. Bh5 Nxe5 20. fxe5 Ng5 21. Rh4
Qe7 22. Rhf4 f6 23. exf6 Rxf6 24. Rxf6 gxf6 25. Qg6+ Qg7 26. Rxf6 Qxg6 27.
Rxg6+ Kh7 28. h4 Ne4 29. Rxe6 Rc7 30. Bg6+ Kg7 31. Bxe4 dxe4 32. Bg3 Rd7 33.
Be5+ Kh7 34. Bf4 h5 35. Rh6+ Kg7 36. Rxh5 Kg6 37. Rg5+ Kf6 38. Be5+ Ke6 39.
Rg6+ Kf7 40. Rg7+ Ke6 41. Rxd7 Kxd7 42. Kf2 Ke6 43. g4 Kf7 44. Kg3 Kg6 45. Kf4
Bc8 46. Bd6 Be6 47. Be7 Kf7 48. Bd8 b5 49. h5 Kg7 50. g5 Bf7 51. Bf6+ Kg8 52.
g6 Be6 53. h6 a6 54. h7+ Kf8 55. h8=R+ Bg8 56. Rxg8+ Kxg8 57. d5 Kf8 58. d6 Ke8
59. d7+ Kxd7 60. g7 Ke6 61. g8=Q+ Kxf6 62. Qd5 b4 63. Qd6+ Kf7 64. Kf5 Kg7 65.
Qf6+ Kh7 66. Qg6+ Kh8 67. Kf6 bxc3 68. Qg7# 1-0

[Event "4NCL Divsion 4 South"]
[Site "Telford, ENG ENG"]
[Date "2015.11.14"]
[Round "1.99"]
[White "Campbell, Mark C"]
[Black "Karia, Kamlesh"]
[Result "1-0"]
[WhiteElo "1956"]
[BlackElo "1675"]
[PlyCount "93"]
[EventDate "2015.11.14"]

1. e4 e5 2. Nf3 Nc6 3. Bb5 Nge7 4. O-O g6 5. c3 Bg7 6. d4 a6 7. Ba4 b5 8. Bb3
d6 9. h3 O-O 10. Bg5 h6 11. Bh4 Kh7 12. dxe5 Nxe5 13. Nxe5 Bxe5 14. f4 Bh8 15.
f5 g5 16. Bg3 Bb7 17. Nd2 Nc6 18. Qh5 Qe7 19. h4 Bf6 20. hxg5 Bxg5 21. Nf3 Ne5
22. Bxe5 dxe5 23. Rae1 Rad8 24. Bxf7 Qf6 25. Bb3 Bf4 26. Nh4 Qg5 27. Qg6+ Qxg6
28. Nxg6 Rf6 29. Nxf4 exf4 30. Rxf4 Rd2 31. Rf2 Rxf2 32. Kxf2 c5 33. Be6 Rf8
34. Ke3 Rd8 35. Re2 Kg7 36. e5 Kf8 37. g4 c4 38. Rd2 Rxd2 39. Kxd2 Ke7 40. Bg8
Bf3 41. f6+ Kf8 42. Be6 Be4 43. Ke3 Bg6 44. Kd4 h5 45. gxh5 Bxh5 46. Kc5 Be8
47. Kb6 1-0

[Event "4NCL Divsion 4 South"]
[Site "Telford, ENG ENG"]
[Date "2015.11.14"]
[Round "1.99"]
[White "Hung, Dylan"]
[Black "Phillips, William"]
[Result "0-1"]
[WhiteElo "1540"]
[BlackElo "1899"]
[PlyCount "28"]
[EventDate "2015.11.14"]

1. c4 g6 2. g3 Bg7 3. Nf3 Nf6 4. Bg2 b6 5. O-O Bb7 6. d3 c5 7. Bd2 O-O 8. Na3
d5 9. Nc2 Nc6 10. a3 dxc4 11. dxc4 Qd7 12. b4 Rad8 13. Rb1 Ne4 14. Re1 Nxd2 0-1

[Event "4NCL Divsion 4 South"]
[Site "Telford, ENG ENG"]
[Date "2015.11.14"]
[Round "1.99"]
[White "Lim, Mark"]
[Black "Mallin, Lara"]
[Result "1/2-1/2"]
[WhiteElo "1827"]
[BlackElo "1547"]
[PlyCount "97"]
[EventDate "2015.11.14"]

1. Nf3 Nf6 2. c4 d6 3. d4 g6 4. g3 Bg7 5. Bg2 O-O 6. O-O Nc6 7. Nc3 Bf5 8. Nh4
Bd7 9. Rb1 Re8 10. b4 a6 11. h3 Rb8 12. d5 Na7 13. Be3 b6 14. c5 bxc5 15. bxc5
dxc5 16. Bxc5 Rxb1 17. Qxb1 Nb5 18. Nxb5 Bxb5 19. Re1 e6 20. dxe6 Rxe6 21. Rd1
Qe8 22. e3 Nd7 23. Qb4 Bc6 24. Bd4 Bxg2 25. Nxg2 Bxd4 26. Qxd4 Rd6 27. Qa4
Rxd1+ 28. Qxd1 Nf6 29. Qd4 Kg7 30. Nf4 c6 31. Qc4 Qc8 32. Qc3 Qb8 33. Kg2 Qd6
34. Qc4 c5 35. Nd3 Nd7 36. h4 Qc6+ 37. Kg1 Qb5 38. Qc3+ Kg8 39. Kg2 c4 40. Nb2
Nb6 41. Kf1 h5 42. Ke1 Kf8 43. Kd1 Ke7 44. Kc1 a5 45. Qd4 a4 46. Qe4+ Kf8 47.
Qd4 a3 48. Nd1 Qb4 49. Qh8+ 1/2-1/2

[Event "4NCL Divsion 4 South"]
[Site "Telford, ENG ENG"]
[Date "2015.11.14"]
[Round "1.99"]
[White "Balouka-Myers, Toby"]
[Black "Breed, Greg J"]
[Result "0-1"]
[WhiteElo "1442"]
[BlackElo "1793"]
[PlyCount "122"]
[EventDate "2015.11.14"]

1. c4 e5 2. g3 Nc6 3. Bg2 Bc5 4. Nc3 a6 5. e3 d6 6. Nge2 Nf6 7. O-O O-O 8. d4
Ba7 9. b3 Bg4 10. h3 Bh5 11. Bb2 exd4 12. exd4 Bxd4 13. Qd2 Bxe2 14. Qxe2 Re8
15. Qd2 Ba7 16. Rfe1 Qd7 17. Nd5 Nxd5 18. cxd5 Ne5 19. Kh1 Qb5 20. Qc3 Qc5 21.
Qxc5 Bxc5 22. Bxe5 Rxe5 23. f4 Rxe1+ 24. Rxe1 Kf8 25. Rc1 Re8 26. Bf3 Re3 27.
Kg2 b5 28. g4 h6 29. g5 hxg5 30. fxg5 Ke7 31. h4 g6 32. Rf1 f6 33. gxf6+ Kxf6
34. h5 gxh5 35. Bxh5+ Ke5 36. Bf3 Rd3 37. Kg3 Rd2 38. a4 bxa4 39. bxa4 Ra2 40.
Re1+ Kd4 41. Re4+ Kd3 42. Kf4 Bd4 43. Bd1 Rf2+ 44. Bf3 Ra2 45. Bd1 Ra1 46. Bb3
Rf1+ 47. Kg4 Kxe4 48. Bc2+ Kxd5 49. Bb3+ Ke5 50. Bc4 Rf4+ 51. Kg5 Be3 52. Bxa6
Rxa4+ 53. Kg6 Rxa6 54. Kf7 c5 55. Ke7 Ra7+ 56. Ke8 Bg5 57. Kf8 Re7 58. Kg8 Bh6
59. Kh8 Kf6 60. Kg8 Kg6 61. Kh8 Re8# 0-1

[Event "4NCL Divsion 4 South"]
[Site "Telford, ENG ENG"]
[Date "2015.11.14"]
[Round "1.99"]
[White "Davis, Holden"]
[Black "Balouka-Myers, Raphael"]
[Result "1-0"]
[WhiteElo "1707"]
[BlackElo "1420"]
[PlyCount "95"]
[EventDate "2015.11.14"]

1. e4 e6 2. d4 d5 3. Nd2 c5 4. exd5 exd5 5. dxc5 Bxc5 6. Ngf3 Ne7 7. Nb3 Bb6 8.
Be2 O-O 9. O-O Nbc6 10. c3 Qd6 11. Bg5 Re8 12. Rc1 Qg6 13. Qd2 h6 14. Bf4 Be6
15. Bd3 Bf5 16. Nh4 Qf6 17. Nxf5 Nxf5 18. Bxf5 Qxf5 19. Rce1 Re4 20. Be3 Bc7
21. Nd4 Nxd4 22. Bxd4 Rg4 23. f3 Rh4 24. h3 Qg6 25. Be5 Bxe5 26. Rxe5 Rxh3 27.
Rxd5 Qg3 28. Rf2 Re8 29. Re2 Qh2+ 30. Kf2 Qg3+ 31. Kg1 Rxe2 32. Qxe2 Qh2+ 33.
Kf2 Rg3 34. Qf1 Qh4 35. Rd4 Rg4+ 36. Ke3 Qe7+ 37. Kd3 Rxd4+ 38. cxd4 Qe6 39.
Qe2 Qxa2 40. Qe8+ Kh7 41. Qe4+ g6 42. Qxb7 a5 43. d5 Qxb2 44. Qxb2 Kg8 45. d6
a4 46. d7 a3 47. d8=R+ Kh7 48. Rh8# 1-0

[Event "4NCL Divsion 4 South"]
[Site "Telford, ENG ENG"]
[Date "2015.11.14"]
[Round "1.99"]
[White "Krikler, George"]
[Black "Ivanov, George"]
[Result "0-1"]
[WhiteElo "1360"]
[BlackElo "1644"]
[PlyCount "86"]
[EventDate "2015.11.14"]

1. e4 e5 2. Nf3 Nc6 3. Bb5 a6 4. Ba4 b5 5. Bb3 Bc5 6. c3 Nf6 7. d4 exd4 8. e5
Ng4 9. Nxd4 Ngxe5 10. Nxc6 Nxc6 11. O-O O-O 12. Qd5 Qe7 13. Bg5 Qe5 14. Qxe5
Nxe5 15. Be3 Bxe3 16. fxe3 Bb7 17. Na3 Rae8 18. Rad1 Re7 19. Nc2 c5 20. a3 Be4
21. Rd2 Ng4 22. Re1 c4 23. Ba2 Bxc2 24. Rxc2 Nxe3 25. Rce2 Rfe8 26. Bb1 d5 27.
h3 Kf8 28. Bxh7 g6 29. h4 Kg7 30. Kf2 Ng4+ 31. Kf3 Ne5+ 32. Kf2 Nd3+ 33. Kf1
Nxe1 34. Rxe7 Rxe7 35. Bxg6 fxg6 36. Kf2 Nd3+ 37. Kg3 Nxb2 38. Kh3 d4 39. cxd4
c3 40. a4 c2 41. a5 c1=Q 42. d5 Qf4 43. g3 Re3 0-1

[Event "4NCL Divsion 4 South"]
[Site "Telford, ENG ENG"]
[Date "2015.11.14"]
[Round "1.33"]
[White "Idle, Oscar"]
[Black "Szymanski, Mark"]
[Result "1-0"]
[WhiteElo "1765"]
[BlackElo "1864"]
[PlyCount "81"]
[EventDate "2015.11.14"]

1. d4 Nf6 2. Nf3 g6 3. c4 c5 4. d5 b5 5. Bg5 Bg7 6. Qc2 d6 7. Nbd2 Nbd7 8. e4
O-O 9. cxb5 a6 10. bxa6 Bxa6 11. Bxa6 Rxa6 12. O-O Qa5 13. Nc4 Qb5 14. Nfd2
Rfa8 15. Na3 Qb7 16. Rab1 h6 17. Bh4 Qb4 18. Ndc4 g5 19. Bg3 Nh5 20. Qe2 Nxg3
21. fxg3 Rf8 22. Rf3 Qb7 23. Rb3 Qa8 24. Rf1 Ra7 25. Ne3 e6 26. Nb5 Rxa2 27.
Nxd6 Ra1 28. Rb7 Nf6 29. dxe6 fxe6 30. Qc4 Rxf1+ 31. Nxf1 Kh8 32. b3 Ne8 33.
Nf7+ Kh7 34. Re7 Qa1 35. Qxe6 Nf6 36. Qf5+ Kg8 37. Nxh6+ Kh8 38. Qg6 Ne8 39.
Nf7+ Kg8 40. Nh6+ Kh8 41. Nf5 1-0

[Event "4NCL Divsion 4 South"]
[Site "Telford, ENG ENG"]
[Date "2015.11.14"]
[Round "1.36"]
[White "Woodward, Vivian"]
[Black "Gentry, Alan E"]
[Result "0-1"]
[WhiteElo "1701"]
[BlackElo "1753"]
[PlyCount "102"]
[EventDate "2015.11.14"]

1. e4 c5 2. Nc3 Nc6 3. f4 d6 4. Nf3 Nf6 5. d3 g6 6. Be2 Bg7 7. O-O O-O 8. Qe1
Qc7 9. Qh4 Nd4 10. Bd1 Bd7 11. h3 b5 12. Qf2 b4 13. Ne2 Nxf3+ 14. Qxf3 Bc6 15.
Qf2 a5 16. c4 a4 17. Rb1 e6 18. Be3 Nd7 19. Kh1 Ra5 20. Ng3 d5 21. Be2 dxe4 22.
Nxe4 Rd8 23. Bf3 e5 24. fxe5 Nxe5 25. Nf6+ Bxf6 26. Bxc6 Qxc6 27. Qxf6 Qxf6 28.
Rxf6 Kg7 29. Rbf1 Rd7 30. R6f2 Nxd3 31. Rd2 Ne5 32. Rxd7 Nxd7 33. Bf4 Ra7 34.
Rd1 b3 35. axb3 axb3 36. Rd3 Rb7 37. Kg1 Kf6 38. Rd5 Ke6 39. Kf1 Rb4 40. Rd3
Rxc4 41. Bd2 Rc2 42. Bc3 f6 43. Re3+ Ne5 44. Re4 c4 45. Rd4 h5 46. g4 hxg4 47.
hxg4 g5 48. Re4 Kd5 49. Rd4+ Kc5 50. Re4 Nd3 51. Bxf6 Rf2+ 0-1

[Event "4NCL Divsion 4 South"]
[Site "Telford, ENG ENG"]
[Date "2015.11.14"]
[Round "1.39"]
[White "Bentham, Sam"]
[Black "Somton, Anita"]
[Result "0-1"]
[WhiteElo "1585"]
[BlackElo "1474"]
[PlyCount "38"]
[EventDate "2015.11.14"]

1. c4 Nf6 2. g3 e6 3. Bg2 d5 4. Nf3 Be7 5. O-O O-O 6. b3 c6 7. Bb2 Nbd7 8. d4
Ne4 9. Nbd2 f5 10. Ne1 Bd6 11. Nd3 Qg5 12. Bc1 Qh5 13. Nxe4 fxe4 14. Nf4 Qf7
15. Bh3 Nf6 16. c5 Bc7 17. Ng2 Qh5 18. Bf4 Qxh3 19. Bxc7 Ng4 0-1

[Event "4NCL Divsion 4 South"]
[Site "Telford, ENG ENG"]
[Date "2015.11.14"]
[Round "1.35"]
[White "Jones, Robert L"]
[Black "Homolka, Vincent"]
[Result "1/2-1/2"]
[WhiteElo "1841"]
[BlackElo "1812"]
[PlyCount "51"]
[EventDate "2015.11.14"]

1. e4 d5 2. d4 dxe4 3. Nc3 Nf6 4. f3 c6 5. Bg5 e3 6. Qd3 Nbd7 7. O-O-O h6 8.
Bxe3 Nb6 9. Nge2 Be6 10. b3 Qd7 11. Ng3 O-O-O 12. Kb1 Nbd5 13. Bd2 Nxc3+ 14.
Bxc3 g5 15. Ba5 b6 16. Qa6+ Qb7 17. Qxb7+ Kxb7 18. Bc3 Bg7 19. Bb2 Nd5 20. Re1
Rhe8 21. Nh5 Bh8 22. g4 Nf6 23. Ng3 Nd5 24. h4 Nf4 25. c3 Bd5 26. Ne4 1/2-1/2

[Event "4NCL Divsion 4 South"]
[Site "Telford, ENG ENG"]
[Date "2015.11.14"]
[Round "1.38"]
[White "Towers, Nigel S"]
[Black "Collicott, Peter J"]
[Result "0-1"]
[WhiteElo "1807"]
[BlackElo "1495"]
[PlyCount "84"]
[EventDate "2015.11.14"]

1. e4 e6 2. d4 d5 3. Nd2 c5 4. Ngf3 Nc6 5. c3 cxd4 6. cxd4 dxe4 7. Nxe4 Nf6 8.
Nxf6+ Qxf6 9. Bg5 Qf5 10. Bd3 Bb4+ 11. Bd2 Qxd3 12. Qa4 Bxd2+ 13. Nxd2 Bd7 14.
Nb3 b5 15. Nc5 bxa4 16. Nxd3 Nxd4 17. O-O-O Nc6 18. Nc5 O-O-O 19. Nxa4 Nb4 20.
Nc3 Bc6 21. f3 Rxd1+ 22. Rxd1 Rd8 23. Rf1 Nd5 24. Nd1 Kb7 25. b3 Rc8 26. Kb2
Bb5 27. Rf2 Rc7 28. Rd2 Rd7 29. Rd4 Nc7 30. Kc3 Rxd4 31. Kxd4 Kc6 32. Nc3 Nd5
33. Ne4 f6 34. Nd2 f5 35. Ke5 Kd7 36. g4 fxg4 37. fxg4 h6 38. Ne4 Ke7 39. h4
Nf6 40. Nf2 Be2 41. g5 hxg5 42. hxg5 Ng4+ 0-1

[Event "4NCL Divsion 4 South"]
[Site "Telford, ENG ENG"]
[Date "2015.11.14"]
[Round "1.41"]
[White "Balakrishnan, Kathirvel"]
[Black "Cresswell, Mike J"]
[Result "1/2-1/2"]
[WhiteElo "1535"]
[BlackElo "1784"]
[PlyCount "45"]
[EventDate "2015.11.14"]

1. d4 Nf6 2. c4 c5 3. d5 b5 4. cxb5 a6 5. bxa6 Bxa6 6. Nc3 g6 7. g3 d6 8. Bg2
Bg7 9. Nf3 O-O 10. O-O Nbd7 11. Re1 Ng4 12. Bf4 Nge5 13. Qc1 Qc7 14. Nxe5 Nxe5
15. Bh6 Rfb8 16. Bxg7 Kxg7 17. Qc2 Rb7 18. b3 Rab8 19. Rec1 Qd8 20. Rab1 c4 21.
Rb2 cxb3 22. Rxb3 Rxb3 23. axb3 1/2-1/2

[Event "4NCL Divsion 4 South"]
[Site "Telford, ENG ENG"]
[Date "2015.11.14"]
[Round "1.34"]
[White "Lees, Fraser A"]
[Black "Lim, Wei Xinq Sean"]
[Result "1/2-1/2"]
[WhiteElo "1827"]
[BlackElo "1764"]
[PlyCount "76"]
[EventDate "2015.11.14"]

1. d4 Nf6 2. Nf3 e6 3. g3 d5 4. Bg2 c5 5. c3 Nc6 6. O-O Bd6 7. Bg5 h6 8. Bxf6
Qxf6 9. e3 O-O 10. Nbd2 Bd7 11. e4 cxd4 12. exd5 exd5 13. Nxd4 Nxd4 14. cxd4
Qxd4 15. Nb3 Qb6 16. Qxd5 Be6 17. Qxb7 Qxb7 18. Bxb7 Rab8 19. Be4 Be5 20. Rfd1
Bxb2 21. Rab1 Be5 22. f4 Bc7 23. Kg2 Rfd8 24. Rxd8+ Rxd8 25. f5 Bd5 26. Bxd5
Rxd5 27. Rc1 Bb6 28. Rc8+ Kh7 29. g4 g6 30. fxg6+ fxg6 31. Rc6 Rd3 32. Re6 Kg7
33. Rc6 Kf7 34. h3 Re3 35. Rc2 Kf6 36. Rc6+ Re6 37. Rxe6+ Kxe6 38. Kf3 Ke5
1/2-1/2